书目信息 |
| 题名: |
全球变化
|
|
| 作者: | 张兰生 编著 | |
| 分册: | ||
| 出版信息: | 北京 高等教育出版社 2000.07 |
|
| 页数: | 341页 | |
| 开本: | 16开 | |
| 丛书名: | ||
| 单 册: | ||
| 中图分类: | X21-43 | |
| 科图分类: | ||
| 主题词: | 环境 , 环境系统 | |
| 电子资源: | ||
| ISBN: | 7-04-008569-0 | |
| 000 | 00568nam0 2200205 45 | |
| 001 | 0106211695 | |
| 005 | 20010621161412.0 | |
| 010 | @a7-04-008569-0@d18.90元 | |
| 100 | @a20010621d2000 km y0chiy0120 ea | |
| 101 | 0 | @achi |
| 105 | @a z 000yy | |
| 200 | 1 | @a全球变化@AQuan Qiu Bian Hua@f张兰生等编著@FZhang Lan Sheng Deng Bian Zhu |
| 210 | @a北京@c高等教育出版社@d2000.07 | |
| 215 | @a341页@d16开 | |
| 606 | 0 | @a环境 |
| 606 | 0 | @a环境系统 |
| 690 | @aX21-43@v3 | |
| 701 | 0 | @a张兰生@4编著 |
| 801 | @aCN@bPftUser@c20010621 | |
| 905 | @f10@b350237-246@dX21-43@eZH787 | |
| 全球变化/张兰生等编著.-北京:高等教育出版社,2000.07 |
| 341页;16开 |
| ISBN 7-04-008569-0:18.90元 |
| ● |
| 相关链接 |
|
|
|
正题名:全球变化
索取号:X21-43/ZH787
 
预约/预借
| 序号 | 登录号 | 条形码 | 馆藏地/架位号 | 状态 | 备注 |
| 1 | 350237 | 203502370 | 自科库501/501自科库 64排4列3层/ [索取号:X21-43/ZH787] | 在馆 | |
| 2 | 350238 | 203502389 | 自科二线504/501自科库 64排4列3层/ [索取号:X21-43/ZH787] | 在馆 | |
| 3 | 350239 | 203502398 | 自科库501/501自科库 64排4列3层/ [索取号:X21-43/ZH787] | 在馆 | |
| 4 | 350240 | 203502405 | 自科二线504/501自科库 64排4列3层/ [索取号:X21-43/ZH787] | 在馆 | |
| 5 | 350241 | 203502414 | 市政与环境工程学院资料室/ [索取号:X21-43/ZH787] | 在馆 | |
| 6 | 350242 | 203502423 | 市政与环境工程学院资料室/ [索取号:X21-43/ZH787] | 在馆 | |
| 7 | 350243 | 203502432 | 期刊室512/501自科库 64排4列3层/ [索取号:X21-43/ZH787] | 在馆 | |
| 8 | 350244 | 203502441 | 自科二线504/501自科库 64排4列3层/ [索取号:X21-43/ZH787] | 在馆 | |
| 9 | 350245 | 203502450 | 自科二线504/501自科库 64排4列3层/ [索取号:X21-43/ZH787] | 在馆 | |
| 10 | 350246 | 203502469 | 自科二线504/501自科库 64排4列3层/ [索取号:X21-43/ZH787] | 在馆 |